La legislazione imperiale nelle instituzioni di Giustiniano
Сохранить в:
| Главный автор: | |
|---|---|
| Формат: | |
| Язык: | итальянский |
| Опубликовано: |
Milán
Giuffrè
1996
|
| Серии: | Seminario Giuridico della Università di Bologna, 166
|
| Предметы: | |
| Метки: |
Добавить метку
Нет меток, Требуется 1-ая метка записи!
|
MARC
| LEADER | 00000nam a2200000 a 4500 | ||
|---|---|---|---|
| 001 | UCO5157 | ||
| 003 | CL-VaPUC | ||
| 008 | 000825e19960000IT |||||||||||||||||ita|d | ||
| 082 | 0 | 4 | |a 340.54 |b LUC |2 21 |
| 100 | |a Luchetti, Giovanni |e autor |9 499014 | ||
| 245 | 1 | 3 | |a La legislazione imperiale nelle instituzioni di Giustiniano |
| 300 | |a 675 p | ||
| 942 | |c BK | ||
| 945 | |d 20000825 00:00:00 |a cmena | ||
| 260 | |a Milán |b Giuffrè |c 1996 | ||
| 650 | 0 | |a Derecho romano |9 255930 | |
| 583 | |a last modification |c 20000825 00:00:00 |k Rodrigo Vera | ||
| 490 | 0 | |a Seminario Giuridico della Università di Bologna, 166 | |
| 999 | |c 291108 |d 291106 | ||
| 952 | |0 0 |1 0 |4 0 |6 340_540000000000000_LUC_1996 |7 0 |8 DER_ROM |9 340798 |a BIBDER |b BIBDER |d 2019-11-20 |i 3592200 |l 1 |o 340.54 LUC 1996 |p 3592200 |r 2023-01-25 |s 2020-12-22 |w 2019-11-20 |x Ubicación 4to piso |y BK |z Este recurso debe solicitarse con anticipación |k DER | ||